Normal view
MARC view
Entry Topical Term
001 - CONTROL NUMBER
- control field: 7991
003 - CONTROL NUMBER IDENTIFIER
- control field: ARRUPE
005 - DATE AND TIME OF LATEST TRANSACTION
- control field: 20140205125434.0
008 - FIXED-LENGTH DATA ELEMENTS
- fixed length control field: 140205|| aca||aabn | a|a d
040 ## - CATALOGING SOURCE
- Original cataloging agency: ARRUPE
- Transcribing agency: ARRUPE
150 ## - HEADING--TOPICAL TERM
- Topical term or geographic name as entry element: Political science
- Geographic subdivision: Great Britain
- General subdivision: History
- Chronological subdivision: 20th century.
670 ## - SOURCE DATA FOUND
- Source citation: Work cat.: (ARRUPE)0: Ideas and politics in modern Britain /, 1990.